[Event "V. Korchnoy Memorial 2018"]
[Site "St. Petersburg"]
[Date "2018.08.22"]
[Round "8"]
[White "Pridorozhni, Aleksei"]
[Black "Zakhartsov, Vladimir"]
[Result "1/2-1/2"]
[WhiteElo "2564"]
[BlackElo "2490"]
[Annotator "TA"]
[PlyCount "129"]
[EventDate "2018.08.15"]
[EventType "swiss"]
[EventCountry "RUS"]
[SourceTitle "playchess.com"]
[Source "ChessBase"]
[SourceQuality "1"]

{[%evp 18,129,6,7,33,28,21,-49,-33,-52,-41,-83,-84,-83,-83,-83,-83,-83,-83,-90,-90,-95,-93,-94,-92,-92,-92,-92,-92,-104,-93,-108,-27,-18,-18,-18,-20,-35,-22,-75,-80,-79,-72,-71,-67,-80,-74,-83,-77,-136,-81,-81,-85,-139,-121,-233,-150,-158,-128,-181,-189,-169,-156,-218,-101,-228,-201,-218,-176,-192,-60,-75,-78,-63,-64,-193,-186,-1431,-1601,-1484,-1393,-1462,-1375,-3334,-2553,-2329,-189,-403,-403,-533,0,0,0,0,0,0,0,-410,-410,-4636,-4629,-4622,-4614,-3447,0,0,0,0,0,0,0,0,0,0]} 1. e4 c5 2. Nc3 d6 3. d4 cxd4 4. Qxd4 Nc6 5. Qd2 g6 (5... Nf6 6. b3 e6 7. Bb2 a6 8. O-O-O b5 9. f3 h5 10. Nh3 Be7 11. Ng5 {1-0 (31) Carlsen,M (2843)-Wojtaszek,R (2744) Shamkir 2018}) 6. b3 {B23: Closed Sicilian: Lines without g3} Bh6 7. f4 Nf6 8. Bb2 e5 9. g3 O-O 10. O-O-O {LiveBook: 3 Games} Nd4 $146 ({Predecessor:} 10... Re8 11. Bg2 Bg4 12. Rf1 Rc8 13. Kb1 Qa5 14. h3 Be6 15. Nge2 {½-½ (15) Sindarov,J (2488)-Andersen,M (2601) Abu Dhabi 2018}) 11. Kb1 Bg4 12. Re1 (12. Be2 $11) 12... Rc8 $15 13. h3 Be6 14. Bd3 Qa5 $1 {White must now prevent ...Nh5.} 15. Rd1 Nh5 $1 {[%cal Rh5g3]} 16. Qe1 {[#]} Nxg3 $1 {[%mdl 512]} 17. Qxg3 Rxc3 ({Worse is} 17... Bxf4 18. Qe1 $16) 18. Qe1 {[#]} Rxd3 $1 {[%mdl 512]} 19. cxd3 Qxe1 20. Rxe1 Bxf4 21. Ne2 Nxe2 22. Rxe2 d5 23. Bc1 dxe4 24. dxe4 Rd8 (24... f5 $17 25. exf5 Bxf5+ 26. Kb2 Bg3) 25. Bxf4 $11 exf4 {[%mdl 4096] Endgame KRR-KRB} 26. Rf2 Rd4 27. Rxf4 Bf5 28. Re1 (28. Kc1 $11 {remains equal.}) 28... Bxh3 $17 29. Kc2 Be6 30. Rd1 Rb4 31. Kc3 Rb5 32. Rb1 h5 {[%cal Bh7h5,Bh5h4][%mdl 32]} 33. a4 (33. Rh1 $142) 33... Rc5+ ({Better is} 33... Ra5 34. Rh4 b6) 34. Kd3 Kg7 35. b4 (35. Rff1 $142) 35... Rc8 36. Rb2 (36. Rh4 $17) 36... Rh8 37. Rf1 h4 38. Rc2 (38. b5 $17 {was necessary.}) 38... g5 $19 39. Ke3 g4 40. Rc5 (40. Kf4 $17 {was worth a try.}) 40... b6 (40... h3 $1 $19 {has better winning chances.} 41. Re1 b6) 41. Re5 (41. Rg5+ $17 {was the only defense.} Kh6 42. Kf4) 41... Rc8 42. a5 Rc3+ 43. Kf4 {[#]} Kh6 (43... h3 $1 $19 44. Rf2 Kf6) 44. Rxe6+ $1 $15 fxe6 45. Kxg4 {KR-KR} Kg6 46. axb6 (46. Kxh4 $15 Rc4 47. Rg1+ Kf6 48. Rf1+ Kg6 49. Rg1+ Kf6 50. Rf1+ Ke7 51. Re1) 46... axb6 $19 47. e5 $2 (47. b5) 47... Rc4+ 48. Kh3 Rxb4 49. Rf6+ Kg5 50. Rxe6 Rb3+ 51. Kg2 Kg4 $2 (51... h3+ 52. Kh2 b5) 52. Rf6 $2 (52. Kf2) 52... h3+ 53. Kg1 Kg5 $2 (53... b5 $19 {Threatens to win with ...Rb1+.} 54. e6 Re3) 54. Rf8 $11 Rb5 55. Rf6 Rb2 56. Rf8 Kg4 57. Rf6 $2 {[%mdl 8192]} (57. e6 $11 {and White has nothing to worry.} Re2 58. Re8) 57... b5 $19 58. Rb6 (58. Ra6 $142 Kf5 59. Rh6 h2+ 60. Kh1 Kxe5 61. Rc6) 58... Kg3 {[%cal Rb2b1]} 59. Rg6+ Kf4 60. e6 {[#]} Re2 $2 (60... h2+ $1 $19 61. Kh1 Re2) 61. Rh6 $11 {The position is equal.} Kg4 {Hoping for ...b4.} 62. Rg6+ Kf5 63. Rh6 $1 b4 64. Rh4 {[#]} h2+ $1 {[%mdl 512]} 65. Kh1 $1 {Precision: White = 40%, Black = 60%.} (65. Rxh2 Rxh2) 1/2-1/2

[Event "V. Korchnoy Memorial 2018"]
[Site "St. Petersburg"]
[Date "2018.08.22"]
[Round "8"]
[White "Vavulin, Maksim"]
[Black "Kamsky, Gata"]
[Result "1/2-1/2"]
[WhiteElo "2545"]
[BlackElo "2675"]
[Annotator "TA"]
[PlyCount "68"]
[EventDate "2018.08.15"]
[EventType "swiss"]
[EventCountry "RUS"]
[SourceTitle "playchess.com"]
[Source "ChessBase"]
[SourceQuality "1"]

{[%evp 9,68,67,84,64,93,52,52,48,54,48,53,52,59,42,70,71,81,72,71,2,14,18,16,0,-18,-35,-45,-55,-29,-32,0,0,0,-7,0,0,8,18,13,7,78,105,69,42,45,0,0,0,0,0,0,0,0,0,0,0,0,0,0,0,0]} 1. e4 c6 2. d4 d5 3. Nc3 g6 4. e5 a5 (4... Bg7 5. f4 h5 6. Nf3 Nh6 7. Be3 Qb6 8. Rb1 Bg4 9. Be2 Nd7 10. O-O Nf8 11. Na4 Qc7 12. Nc5 Nf5 13. Bf2 Bh6 14. Nh4 Bxf4 15. Bxg4 Ne3 {1-0 (52) Duda,J (2693)-Jobava,B (2713) Chartres 2017}) 5. h3 $146 ({Predecessor:} 5. f4 h5 6. Nf3 Na6 7. Be3 Nh6 8. Qd2 Nc7 9. g3 Bg4 10. Nh4 a4 11. h3 Bd7 12. Bg2 {1-0 (62) Bragin,A (2385)-Chuvilo,K Briansk 1995}) 5... Na6 6. Be3 {B15: Caro-Kann: 3 Nc3: 3...g6 and 3...dxe4 4 Nxe4 Nf6 5 Nxf6+ exf6} Nh6 7. f4 Nf5 8. Bf2 {White is slightly better.} h5 9. g3 e6 10. Nf3 Bd7 11. Rg1 (11. Bxa6 $5 Rxa6 12. O-O $11) 11... c5 12. Bxa6 $1 cxd4 13. Bxb7 Rb8 14. Ba6 (14. Nxd4 $16 Rxb7 15. Nxf5 gxf5 16. Bd4) 14... dxc3 $11 15. bxc3 Qc7 16. Qd3 h4 17. gxh4 Bc5 18. Nd4 Rb6 {[#] Threatens to win with ...Qa7.} 19. a4 $1 Nxd4 20. cxd4 Bb4+ 21. Kf1 Rc6 22. Ra2 Rc3 23. Qe2 Rxh3 24. Kg2 $1 {[%cal Rg2h3]} R3xh4 (24... Ra3 $11 25. Rxa3 Bxa3) 25. Bxh4 $16 Rxh4 26. Rf1 g5 27. Qe3 Rg4+ {The position is equal.} 28. Kh3 Rh4+ 29. Kg2 Rg4+ 30. Kh3 f5 31. exf6 ({Don't go for} 31. fxg5 $2 {[#]} Bxa4 $1 {[%mdl 512]} 32. Kh2 Qh7+ 33. Qh3 Rh4 $19) 31... Rh4+ 32. Kg2 Rg4+ 33. Kh3 Rh4+ 34. Kg2 Rg4+ {Precision: White = 56%, Black = 65%.} 1/2-1/2

[Event "V. Korchnoy Memorial 2018"]
[Site "St. Petersburg"]
[Date "2018.08.22"]
[Round "8"]
[White "Iljiushenok, Ilia"]
[Black "Apryshko, Gleb"]
[Result "1/2-1/2"]
[WhiteElo "2539"]
[BlackElo "2377"]
[Annotator "TA"]
[PlyCount "80"]
[EventDate "2018.08.15"]
[EventType "swiss"]
[EventCountry "RUS"]
[SourceTitle "playchess.com"]
[Source "ChessBase"]
[SourceQuality "1"]

{[%evp 14,80,51,46,50,49,52,49,54,49,52,52,57,58,79,69,68,64,69,55,79,48,57,7,18,5,38,46,46,37,48,46,50,52,49,51,41,56,29,46,46,9,33,0,3,0,0,0,0,0,0,0,0,0,0,0,0,0,0,-77,0,0,0,0,0,0,0,0,0]} 1. e4 g6 2. d4 Bg7 3. Nf3 d6 4. Bc4 e6 5. O-O a6 (5... Ne7 6. Bb3 h6 7. c3 Nd7 8. a4 a5 9. Ne1 b6 10. f4 Ba6 11. Rf2 d5 12. e5 h5 13. Bc2 Bf8 14. Bd3 Bxd3 15. Qxd3 {½-½ (94) Bosiocic,M (2610)-Rapport,R (2696) Karlsruhe 2017}) 6. Bb3 {B06: Moderne Verteidigung} Nd7 7. Re1 Ne7 8. c3 {LiveBook: 4 Partien. Weiß steht etwas besser.} b6 9. Nbd2 {[%cal Bb1d2,Bd2f1,Bf1g3][%mdl 32]} h6 10. Nf1 Bb7 11. Ng3 c5 12. Be3 $146 ({Vorgänger:} 12. Bf4 e5 13. Be3 {½-½ (38) Epishin,V (2567)-Foisor,O (2381) Vaujany 2012}) 12... Qc7 13. Qd2 Rd8 14. Rad1 b5 15. a4 d5 16. axb5 axb5 17. Bf4 Qb6 18. h4 cxd4 19. cxd4 Nf6 {[%cal Rf6e4]} 20. Rc1 {Schwarz muss nun Lc7 beachten.} Nc6 ({Nur nicht} 20... Nxe4 $2 21. Nxe4 dxe4 22. Bc7 $18) 21. e5 Ne4 $1 {[%cal Re4d2]} 22. Qd1 Nb4 23. Qe2 O-O 24. Bd2 Nc6 {[%cal Bb4c6,Bc6a5,Ba5c4][%mdl 32]} 25. Be3 Na5 26. Bc2 Nc4 27. Bb1 Rc8 28. Bf4 f5 29. exf6 Rxf6 30. Be3 Nxg3 $1 31. fxg3 {[#]} Rxf3 $1 {[%mdl 512]} 32. Qxf3 {zielt auf Kh2 ab.} Nxe3 33. Rxc8+ Bxc8 34. Bxg6 {Droht Matt per Df7+.} Qa7 $1 ({Nicht} 34... Nf5 $2 35. Bxf5 Qxd4+ 36. Kh2 $18) 35. Kh2 Bxd4 {Und ...Dg7 würde nun gewinnen.} 36. Ra1 {[#]} (36. Rc1 $11 {war der einzige Weg, das Gleichgewicht zu behalten.} Nc4 37. b3) 36... Qg7 ({Besser ist} 36... Qe7 $1 $17 37. Ra8 Kg7) 37. Ra8 $11 {Die Stellung ist ausgeglichen.} Qxg6 38. Rxc8+ Kh7 {Und weiter mit ...Sg4+ wäre nett.} (38... Kg7 $5 39. Rc7+ $8 Kg8 40. Rc8+ Kh7 41. Rc7+ Kg8 42. Rc8+ $11) 39. Rc7+ Kg8 {...Sg4+ ist eine echte Drohung.} 40. Rc8+ Kh7 {Precision: Weiß = 78%, Schwarz = 56%.} 1/2-1/2

[Event "V. Korchnoy Memorial 2018"]
[Site "St. Petersburg"]
[Date "2018.08.22"]
[Round "8"]
[White "Levin, Evgeny A"]
[Black "Afanasiev, Nikita"]
[Result "1/2-1/2"]
[WhiteElo "2523"]
[BlackElo "2473"]
[Annotator "TA"]
[PlyCount "85"]
[EventDate "2018.08.15"]
[EventType "swiss"]
[EventCountry "RUS"]
[SourceTitle "playchess.com"]
[Source "ChessBase"]
[SourceQuality "1"]

{[%evp 19,85,23,45,14,52,40,41,37,34,34,52,60,71,70,66,66,93,83,80,84,83,77,93,90,162,164,150,89,99,92,103,79,86,0,0,0,0,-15,0,-18,-18,-18,-19,-19,0,0,0,0,0,0,0,0,0,0,0,0,0,0,0,0,0,0,0,0,0,0,0,0]} 1. d4 Nf6 2. c4 g6 3. Nc3 Bg7 4. e4 d6 5. Nf3 O-O 6. Be2 Na6 7. O-O e5 8. Be3 Ng4 9. Bg5 f6 10. Bh4 Nh6 {LiveBook: 28 Games. E94: King's Indian: Classical: 6 Be2 e5 7 0-0: Various Black 7th moves} (10... c6 11. c5 exd4 12. Nxd4 dxc5 13. Qb3+ Kh8 14. Ne6 Bxe6 15. Qxe6 Ne5 16. Bxa6 bxa6 17. Rad1 Qb6 18. f4 {½-½ (42) Bogner,S (2527)-Nisipeanu,L (2668) Ortisei 2016}) 11. h3 Nf7 12. Qd2 c6 {White is slightly better.} 13. Rad1 Nc7 $146 ({Predecessor:} 13... Qe7 14. c5 dxc5 15. dxe5 Nc7 16. Qe3 b6 {1-0 (42) Hillarp Persson,T (2513)-Kavutskiy,K (2332) Douglas 2016}) 14. Qc2 {Black must now prevent dxe5.} Qe7 15. c5 exd4 16. cxd6 Qxd6 17. Nxd4 {Hoping for Ndb5.} Qe7 18. f4 {[%cal Bf2f4,Bf4f5][%mdl 32]} Ne6 19. Nxe6 Bxe6 20. f5 Bd7 21. Bc4 Be8 {[#]} (21... Kh8 $16 {might work better.}) 22. Ne2 $1 $18 {Strongly threatening fxg6.} Kh8 23. a3 ({White should try} 23. fxg6 hxg6 24. Nf4) 23... Rd8 $16 24. Nd4 Bd7 25. b4 Ng5 26. Bxg5 (26. Bd3 $16) 26... fxg5 $11 {The position is equal.} 27. Ne6 Bxe6 $1 28. fxe6 Rxd1 29. Qxd1 Rxf1+ 30. Kxf1 Qf6+ 31. Kg1 Qd4+ 32. Qxd4 Bxd4+ {[%mdl 4096] Endgame KB-KB} 33. Kf1 {[#] Threatens to win with e7.} Bf6 34. b5 Kg7 35. e5 Be7 36. a4 Kf8 37. Ke2 Bc5 38. Kd3 Ke7 39. Ke4 Bb6 40. Kd3 Bc5 41. Ke4 Bg1 42. Kd3 Bf2 43. Ke4 {Precision: White = 83%, Black = 85%.} 1/2-1/2

[Event "V. Korchnoy Memorial 2018"]
[Site "St. Petersburg"]
[Date "2018.08.22"]
[Round "8"]
[White "Burmakin, Vladimir"]
[Black "Fedorov, Alexei"]
[Result "1/2-1/2"]
[WhiteElo "2494"]
[BlackElo "2561"]
[Annotator "TA"]
[PlyCount "23"]
[EventDate "2018.08.15"]
[EventType "swiss"]
[EventCountry "RUS"]
[SourceTitle "playchess.com"]
[Source "ChessBase"]
[SourceQuality "1"]

{[%evp 22,23,64,0]} 1. d4 Nf6 2. c4 g6 3. Nc3 Bg7 4. e4 d6 5. f3 O-O 6. Be3 e5 7. d5 Nh5 8. Qd2 Qh4+ 9. Bf2 $146 ({Predecessor:} 9. g3 Nxg3 10. Qf2 Nxf1 11. Qxh4 Nxe3 12. Qf2 Nxc4 13. Qe2 Nb6 14. h4 h5 15. O-O-O c6 16. Kb1 Rd8 17. Nh3 cxd5 18. Nxd5 Nc6 19. Nxb6 axb6 20. Ng5 Nd4 21. Rxd4 exd4 22. Qb5 {½-½ (24) Khenkin,I (2624)-Jakubiec,A (2528) Bad Wiessee 2011}) 9... Qf4 10. Be3 Qh4+ 11. Bf2 Qf4 12. Be3 {LiveBook: 40 Games} (12. g4 $14 Qxd2+ 13. Kxd2) 1/2-1/2

[Event "V. Korchnoy Memorial 2018"]
[Site "St. Petersburg"]
[Date "2018.08.22"]
[Round "8"]
[White "Khanin, Semen"]
[Black "Zvjaginsev, Vadim"]
[Result "1/2-1/2"]
[WhiteElo "2494"]
[BlackElo "2643"]
[Annotator "TA"]
[PlyCount "80"]
[EventDate "2018.08.15"]
[EventType "swiss"]
[EventCountry "RUS"]
[SourceTitle "playchess.com"]
[Source "ChessBase"]
[SourceQuality "1"]

{[%evp 22,80,25,17,20,0,0,0,0,0,9,0,0,4,0,-16,-15,-22,-14,-16,0,0,15,5,0,0,0,0,0,0,0,0,0,0,14,0,0,0,3,0,0,0,8,0,0,0,0,-7,0,0,0,0,0,0,0,0,0,0,0,0,0]} 1. e4 c5 2. Nf3 Nc6 3. d4 cxd4 4. Nxd4 g6 5. Nc3 Bg7 6. Be3 Nf6 7. Bc4 O-O 8. Bb3 d6 9. f3 Qa5 10. Qd2 Nxd4 11. Bxd4 Be6 12. O-O {LiveBook: 16 Partien} Nd7 {Die Stellung ist ausgeglichen. B77: Sizilianisch (Moderne Drachen-Variante)} 13. Rad1 (13. Bxg7 Kxg7 14. Kh1 Rac8 15. f4 Bc4 16. Rfe1 Qb6 17. Rad1 Nf6 18. Re3 Rfd8 19. Nd5 Bxd5 20. exd5 {½-½ (38) Fedorchuk,S (2653)-Benidze,D (2469) Kocaeli 2015}) 13... Bxd4+ 14. Qxd4 {[#]} Qb6 $146 ({Vorgänger:} 14... Qc5 15. Rfe1 Rfc8 16. Qxc5 Rxc5 17. Rd4 Rac8 18. Re3 Ne5 19. Rb4 b6 {0-1 (37) Hansen,E (2268)-Khachiyan,M (2504) Philadelphia 2008}) 15. Nd5 Bxd5 16. Bxd5 Rac8 17. Qxb6 Nxb6 18. Bxb7 Rxc2 19. Rf2 Rc5 20. b3 f5 21. exf5 Rb8 22. Ba6 {Weiss will fxg6 spielen.} gxf5 23. f4 Kf8 24. b4 Rc3 25. Rd3 Rxd3 26. Bxd3 $11 {[%mdl 4096] Endspiel KTL-KTS} e6 27. a3 Ke7 28. Rc2 {Schwarz sollte Tc7+ verhindern.} Nd5 29. g3 h5 {[%cal Bh7h5,Bh5h4][%mdl 32]} 30. Kf2 h4 31. Rc6 a5 32. bxa5 {Droht a6.} Rb3 33. Bc4 Rxa3 34. Bxd5 {[#] Und Lf3 würde nun gewinnen.} (34. a6 {with more complications.} Kd7 35. Bb5 hxg3+ 36. hxg3 Ra5 37. Rb6+) 34... exd5 35. gxh4 {KT-KT} Ra2+ 36. Kg3 Ra3+ 37. Kf2 Ra2+ 38. Kg3 Ra3+ 39. Kf2 Ra2+ 40. Kg3 Ra3+ {Precision: Weiß = 56%, Schwarz = 77%.} 1/2-1/2

[Event "V. Korchnoy Memorial 2018"]
[Site "St. Petersburg"]
[Date "2018.08.22"]
[Round "8"]
[White "Gagare, Shardul"]
[Black "Paravyan, David"]
[Result "0-1"]
[WhiteElo "2490"]
[BlackElo "2630"]
[Annotator "TA"]
[PlyCount "104"]
[EventDate "2018.08.15"]
[EventType "swiss"]
[EventCountry "RUS"]
[SourceTitle "playchess.com"]
[Source "ChessBase"]
[SourceQuality "1"]

{[%evp 23,104,16,43,15,10,4,9,0,0,0,0,0,0,0,-10,-11,0,0,8,0,0,0,0,-9,-9,-9,-8,-11,-2,-1,-3,-25,-13,-17,-10,-29,0,-8,-8,-31,-26,-29,0,0,0,0,0,-87,-87,-289,-295,-295,-265,-288,-297,-307,-307,-305,-303,-300,-294,-335,-323,-482,-487,-485,-479,-472,-447,-493,-476,-29961,-29961,-29962,-29962,-12847,-12257,-29970,-29970,-29976,-29977,-29979,-29979]} 1. d4 Nf6 2. c4 g6 3. Nc3 d5 4. cxd5 Nxd5 5. e4 Nxc3 6. bxc3 Bg7 7. Nf3 {[%cal Bg1f3,Bf3d2,Bd2c4,Bc4e5][%mdl 32]} c5 8. Be3 Qa5 9. Nd2 {D85: Exchange Grünfeld: Unusual White 7th moves and lines with 7 Nf3} cxd4 (9... Bd7 10. Rb1 Qxc3 11. d5 b6 12. Bc4 O-O 13. O-O Qa5 14. Qe2 e6 15. e5 exd5 16. Bxd5 Nc6 {½-½ (79) Mamedyarov,S (2799)-Svidler,P (2765) Riadh 2017}) 10. Nc4 Qd8 11. cxd4 O-O 12. Rc1 b5 {LiveBook: 4 Games} 13. Ne5 Bb7 14. Bd3 Nd7 15. Nc6 $146 ({Predecessor:} 15. f4 Nf6 16. d5 e6 17. dxe6 fxe6 {½-½ (40) Chojnacki,K (2404)-Krzyzanowski,M (2417) Poland 2015}) 15... Bxc6 $1 16. Rxc6 Nb8 17. Rc5 Bxd4 18. Rd5 $1 {[%cal Rd5d8]} Qa5+ 19. Bd2 Bc3 20. Rxb5 Qc7 21. O-O {aiming for Qc2.} Bxd2 22. Qxd2 Rd8 23. Qc2 (23. Qe3 {looks sharper.} e6 24. Rfb1 Nc6 25. Rc1 Rab8 26. Rbc5) 23... Qxc2 24. Bxc2 Nc6 25. Bb3 e6 26. Rc5 Nd4 27. Ra5 Rd7 28. g3 Rc8 29. Kg2 Kg7 30. h4 Rc3 31. Rb1 Nc6 32. Ba4 Nxa5 (32... Rxg3+ $5 33. Kxg3 Rd3+ 34. f3 Nxa5 $15) 33. Bxd7 $11 {[%mdl 4096] Endgame KRB-KRN} Rc2 34. a4 h5 35. Kf3 (35. e5 $11 {keeps the balance.}) 35... a6 $17 36. Ke3 $2 (36. Rb8 $17) 36... Rc7 $19 37. Be8 {intending Rb8.} Rc8 38. Bd7 Rd8 39. Bxe6 fxe6 {KRN-KR} 40. Rc1 Kf6 41. Rc5 Nb3 42. Rc6 Rd1 43. f3 (43. Rc3 $142 Re1+ 44. Kd3) 43... Re1+ 44. Kf4 a5 45. g4 hxg4 46. fxg4 Rf1+ 47. Ke3 {[#]} (47. Kg3 $19) 47... Rf3+ $1 {[%mdl 512]} 48. Kxf3 Nd4+ 49. Kf4 Nxc6 50. e5+ Kf7 {Black mates.} 51. Ke4 {[#]} g5 $1 52. h5 (52. hxg5 Kg6) 52... Kg7 {Precision: White = 37%, Black = 80%.} 0-1

[Event "V. Korchnoy Memorial 2018"]
[Site "St. Petersburg"]
[Date "2018.08.22"]
[Round "8"]
[White "Shoker, Samy"]
[Black "Mchedlishvili, Mikheil"]
[Result "0-1"]
[WhiteElo "2482"]
[BlackElo "2608"]
[Annotator "TA"]
[PlyCount "94"]
[EventDate "2018.08.15"]
[EventType "swiss"]
[EventCountry "RUS"]
[SourceTitle "playchess.com"]
[Source "ChessBase"]
[SourceQuality "1"]

{[%evp 11,94,0,0,0,0,-10,0,-29,-33,-58,-22,-69,-62,-57,-45,-62,-32,-69,-68,-49,-50,-73,-77,-75,-87,-170,-181,-240,-258,-233,-173,-187,-184,-402,-387,-841,-746,-1323,-578,-567,-556,-553,-446,-524,-523,-514,-485,-501,-339,-314,-291,-263,-253,-240,-251,-294,-289,-370,-360,-502,-486,-541,-529,-591,-583,-581,-580,-1112,-1103,-948,-903,-5309,-5309,-5297,-5289,-5524,-5517,-5350,-5363,-2623,-2346,-1711,-1698,-29994,-29995]} 1. g3 e5 2. Bg2 d5 3. c4 d4 4. d3 Nc6 5. Nf3 Nf6 6. O-O Bg4 {LiveBook: 3 Games. A09: Réti Opening: 1 Nf3 d5 2 c4} (6... a5 7. e3 dxe3 8. Bxe3 Be7 9. Nc3 O-O 10. d4 exd4 11. Nxd4 Nxd4 12. Qxd4 Qxd4 13. Bxd4 c6 14. b3 Be6 {1-0 (40) Tomashevsky,E (2731)-Svidler,P (2745) Moscow 2016}) 7. b4 {b5 is the strong threat.} Bxf3 8. Bxf3 Bxb4 {The position is equal.} 9. Qa4 Qd6 10. Na3 {Hoping for Rb1.} O-O 11. Rb1 $146 {aiming for Bxc6.} ({Predecessor:} 11. Nb5 Qe7 12. Nxc7 Qxc7 13. Bxc6 Bc3 {0-1 (13) Legahn,D-Paust,W (2215) Bargteheide 1988}) 11... a5 12. Nb5 Qe7 13. Bg5 Ra6 {And now ...Nd8 would win.} 14. e3 h6 $36 {[%mdl 2048] Black has some pressure.} 15. Bxf6 $1 Qxf6 16. Kg2 Qd8 17. exd4 exd4 18. Na3 {[#]} (18. Bxc6 $17 Rxc6 19. a3) 18... Ne5 $1 $19 {[%cal Re5f3]} 19. Bxb7 (19. Nc2 $142) 19... Rb6 ({Inferior is} 19... Nxd3 20. Bxa6 Qa8+ 21. Kg1 $11) 20. Be4 f5 {[%cal Bf7f5,Bf5f4][%mdl 32]} 21. Bd5+ Kh8 22. Rbd1 $2 (22. Nc2 {was the only defense.} c6 23. Bf3) 22... c6 23. Bf3 $2 (23. f4 Nd7 24. Bxc6) 23... f4 (23... Nxf3 24. Kxf3 f4 25. Kg2 $17) 24. c5 Rb8 (24... Nxf3 $142 25. cxb6 Qd5) 25. Nc4 Nxf3 26. Qxc6 Ng5 27. Ne5 {and the idea Ng6+ leaves White hopeful.} Rf6 28. Qd7 Qg8 29. h4 Nf7 30. Ng4 Ra6 ({Less strong is} 30... Bxc5 31. Nxf6 gxf6 32. Qf5 $17) 31. Qxd4 {[#]} f3+ $1 32. Kg1 (32. Kxf3 Rd8) 32... Rc6 33. Qe4 Rxc5 34. d4 Rc3 35. Ne3 Nd6 36. Qxf3 Nc4 37. a4 Re8 {[%cal Rc4e3]} 38. Rfe1 Nxe3 39. Rxe3 Rcxe3 40. fxe3 Qb3 41. Kg2 Rxe3 42. Qg4 Qd5+ 43. Kf2 Ra3 44. Qc8+ Kh7 45. Qc2+ Kg8 46. Qc8+ Bf8 {( -> ...Qa2+)} 47. Qe6+ Qxe6 {Precision: White = 25%, Black = 84%.} 0-1

[Event "V. Korchnoy Memorial 2018"]
[Site "St. Petersburg"]
[Date "2018.08.22"]
[Round "8"]
[White "Khusenkhojaev, Muhammad"]
[Black "Aleksandrov, Aleksej"]
[Result "0-1"]
[WhiteElo "2434"]
[BlackElo "2585"]
[Annotator "TA"]
[PlyCount "68"]
[EventDate "2018.08.15"]
[EventType "swiss"]
[EventCountry "RUS"]
[SourceTitle "playchess.com"]
[Source "ChessBase"]
[SourceQuality "1"]

{[%evp 17,68,14,28,18,26,-16,-10,-33,-33,-42,-33,-47,-23,-53,-15,-75,0,-14,2,-8,5,0,10,0,0,8,8,8,10,-6,-6,-47,-58,-92,-94,-228,-227,-230,-163,-180,-156,-159,-149,-403,-410,-573,-573,-567,-521,-5406,-2622,-29998,-29999]} 1. Nf3 Nf6 2. c4 e6 3. Nc3 d5 4. d4 Bb4 5. Bd2 O-O 6. e3 b6 7. Rc1 {E51: Nimzo-Indian: Rubinstein: 4...0-0 5 Nf3 d5} (7. cxd5 exd5 8. Bd3 Bb7 9. O-O Re8 10. a3 Bf8 11. b4 Nbd7 12. b5 Ne4 13. a4 Ndf6 14. Ne2 a5 15. Bc1 Bd6 16. Ba3 Qe7 17. Bxd6 cxd6 {½-½ (73) So,W (2778)-Karjakin,S (2782) Leuven 2018}) 7... a6 8. cxd5 exd5 9. Bd3 Re8 {LiveBook: 4 Games} 10. O-O Bd6 11. Re1 {With the idea e4.} (11. Ne5 $5) 11... Bb7 $1 12. a3 $146 ({Predecessor:} 12. Qc2 Ne4 13. a3 Qe7 14. Na2 {0-1 (42) Schmalzried,V (1901)-Glantz,R (2310) Berlin 2013}) 12... Nbd7 13. b4 Ne4 14. Qb3 Ndf6 {Threatens to win with ...Ng4.} 15. Rc2 Qe7 16. Bf1 {[#]} (16. Be2 $11) 16... Nxd2 ({Better is} 16... Ng4 $1 $17 {[%cal Rg4h2] ...Nxh2! is the strong threat.} 17. Bc1 a5 18. bxa5 Nxc3 19. Qxc3 Rxa5) 17. Rxd2 Rad8 18. g3 g6 19. Rc2 Bc8 {[%cal Bb7c8,Bc8f5,Bf5d7][%mdl 32]} 20. Bg2 c5 21. bxc5 bxc5 22. dxc5 Bxc5 23. Ne2 Bf5 $36 {[%mdl 2048] White must now prevent ...Rb8. Black fights for an advantage.} 24. Rcc1 Rb8 25. Qa4 Bxa3 26. Nfd4 (26. Ra1 $17 Bb2 27. Ra2) 26... Bxc1 $19 27. Rxc1 Bd7 28. Qxa6 Rec8 {aiming for ...Rxc1+.} 29. Ra1 Rb2 30. Nf4 $2 {[%mdl 8192] [#]} (30. Rf1 $17) 30... Rxf2 $1 {[%mdl 512]} 31. Kxf2 Ng4+ 32. Ke1 Qb4+ 33. Ke2 {Strongly threatening Qa3.} Qb2+ 34. Ke1 Qf2+ {Precision: White = 18%, Black = 54%.} 0-1